| 000 | 01486cam a2200217 4500 | ||
|---|---|---|---|
| 001 | X127236 | ||
| 008 | 040901n2004 000 0 eng u | ||
| 035 | _a(Sirsi) u127236 | ||
| 100 | _aShorten, J. | ||
| 245 | _aRural planning | ||
| 260 | _c2004 | ||
| 490 |
_aTown & Country Planning _v73(6) June 2004, 186-195(10) |
||
| 520 | _aTwo articles looking at rural planning issues."New light on country life" examines research looking at the role of rural settlements as service centres. Eight market towns and a selection of rural hinterlands were selected to reflect a range of rural situations. Interviews were conducted covering household attributes, work and commuting, use of a variety of services, use of different modes of transport and reasons for living in the towns or villages. National, regional and local planning policies were also considered. Case studies illustrate the mappings of the findings in the survey. ''Key rural services and planning" examines the effectiveness of current development plan policies in safeguarding the future of the rural shops, the post office and the public house. Provides a template which could be used by local authorities seeking to develop or enhance their policies on key rural services. | ||
| 650 | _aRURAL DEVELOPMENT | ||
| 650 | _aSUSTAINABLE DEVELOPMENT | ||
| 650 | _aMARKET TOWNS | ||
| 690 | _aENVIRONMENTAL AND LAND CONSULTANCY-PLANNING AND DEVELOPMENT | ||
| 700 | _aCassidy, M. | ||
| 700 | _aAlexander, D. | ||
| 942 | _n0 | ||
| 999 |
_c74521 _d74521 |
||